Extreme weather and coastal flooding : what is happening now, what is the future risk, and what can we do about it? : field hearing before the Committee on Commerce, Science, and Transportation, United States Senate, One Hundred Fifteenth Congress, first session, April 10, 2017.

Bibliographic Details
Corporate Author: United States. Congress. Senate. Committee on Commerce, Science, and Transportation (Author)
Format: Government Document eBook
Language:English
Published: Washington : U.S. Government Publishing Office, 2017.
Series:S. hrg. ; 115-67
Subjects:
Online Access:https://purl.fdlp.gov/GPO/gpo85136
http://purl.fdlp.gov/GPO/gpo85136

MARC

Tag First Indicator Second Indicator Subfields
LEADER 00000cam a2200000 i 4500
001 in00003909621
005 20210514091059.0
006 m o d f
007 cr b|||||a||||
008 170928s2017 dcua ob f000 0 eng c
035 |a (OCoLC)on1004851996 
042 |a pcc 
043 |a n-us---  |a n-us-fl 
040 |a GPO  |b eng  |e rda  |e pn  |c GPO  |d GPO  |d MERUC  |d GPO  |d MvI 
049 |a WWW 
050 4 |a KF26  |b .C69 2017d 
074 |a 1041-C (online) 
086 0 |a Y 4.C 73/7:S.HRG.115-67 
110 1 |a United States.  |b Congress.  |b Senate.  |b Committee on Commerce, Science, and Transportation,  |e author. 
245 1 0 |a Extreme weather and coastal flooding :  |b what is happening now, what is the future risk, and what can we do about it? : field hearing before the Committee on Commerce, Science, and Transportation, United States Senate, One Hundred Fifteenth Congress, first session, April 10, 2017. 
264 1 |a Washington :  |b U.S. Government Publishing Office,  |c 2017. 
300 |a 1 online resource (iii, 57 pages) :  |b illustrations. 
336 |a text  |b txt  |2 rdacontent 
337 |a computer  |b c  |2 rdamedia 
338 |a online resource  |b cr  |2 rdacarrier 
490 1 |a S. hrg. ;  |v 115-67 
588 |a Description based on online resource; title from PDF title screen (FDsys, viewed on Sept. 28, 2017). 
500 |a Paper version available for sale by the Superintendent of Documents, United States Government Publishing Office. 
504 |a Includes bibliographical references. 
650 0 |a Sea level  |x Environmental aspects  |z Florida. 
650 0 |a Climatic extremes  |x Environmental aspects  |z Florida. 
650 0 |a Coast changes  |z Florida. 
650 0 |a Shore protection  |z Florida. 
650 0 |a Climatic changes  |x Government policy  |z United States. 
655 7 |a Legislative hearings.  |2 lcgft 
776 0 8 |i Print version:  |a United States. Congress. Senate. Committee on Commerce, Science, and Transportation.  |t Extreme weather and coastal flooding  |w (OCoLC)1004852144 
776 0 8 |i Microfiche version:  |a United States. Congress. Senate. Committee on Commerce, Science, and Transportation.  |t Extreme weather and coastal flooding  |w (OCoLC)1027965215 
810 1 |a United States.  |b Congress.  |b Senate.  |t S. hrg. ;  |v 115-67. 
856 4 0 |u https://purl.fdlp.gov/GPO/gpo85136  |t 0 
856 4 0 |u http://purl.fdlp.gov/GPO/gpo85136  |t 0 
999 f f |s 42e0ed55-8333-39b8-a9ee-cabcffbeadb9  |i 90e2c1c5-1d67-3570-925d-a0f18b5917fc  |t 0 
952 f f |a Texas A&M University  |b College Station  |c Electronic Resources  |d Available Online  |t 0  |e Y 4.C 73/7:S.HRG.115-67  |h Superintendent of Documents classification 
998 f f |a Y 4.C 73/7:S.HRG.115-67  |t 0  |l Available Online